Logic, automata, and algorithms /
Guardado en:
| Otros Autores: | , , , , |
|---|---|
| Formato: | Libro |
| Idioma: | English Russian |
| Publicado: |
New York :
Academic Press,
1971.
|
| Series: | Mathematics in science and engineering ;
v. 79 |
| Etiquetas: |
Agregar Etiqueta
Sin Etiquetas, Sea el primero en etiquetar este registro!
|
| LEADER | 01183cam a22002775 4500 | ||
|---|---|---|---|
| 001 | MAT.inmabb002026 | ||
| 008 | 710426s1971####nyua#####b####001#0#eng#d | ||
| 005 | 20160608161758.0 | ||
| 245 | 1 | 0 | |a Logic, automata, and algorithms / |c Mark A. Aiserman, Leonid A. Gusev, Lev I. Rozonover, Irina M. Smirnova, Aleksey A. Tal´ ; translated by Scripta Technica ; translation editor, George M. Kranc. |
| 260 | |a New York : |b Academic Press, |c 1971. | ||
| 300 | |a xii, 433 p. : |b il. ; |c 24 cm. | ||
| 440 | 0 | |a Mathematics in science and engineering ; |v v. 79 | |
| 500 | |a Traducción de: Logika, avtomaty, algoritmy. Moscú : 1963. | ||
| 504 | |a Bibliografía: p. 409-429. | ||
| 500 | |a "Contains problems, additions, and revisions prepared by the author for the English edition"--Translator's note. | ||
| 510 | 4 | |a MR, |c 43 #3044 | |
| 130 | 0 | |a Logika, avtomaty, algoritmy. |l Inglés | |
| 700 | 1 | |a Aizerman, M. A. |q (Mark Aronovich), |d 1913- | |
| 700 | 1 | |a Gusev, Leonid A. | |
| 700 | 1 | |a Rozonoer, Lev Il´ich. | |
| 700 | 1 | |a Smirnova, Irina M. | |
| 700 | 1 | |a Tal´, Aleksey A. | |
| 084 | |a 68Qxx (03Bxx) |2 msc2000 | ||
| 010 | |a 72153664 | ||
| 041 | 1 | |a eng |h rus | |
| 859 | |h 68 |i L832 |p A-3675 |b BIB. MATEMATICA | ||
